000 00570nam a2200193 4500
001 148763
003 ES-MaACL
005 20250824230756.0
007 t|
008 070214s1956 sp r ||||1| spa d
100 1 _aSuárez, Federico.
_9108558
245 1 0 _aNuestra Señora /
_cFederico Suárez.
260 _aMadrid :
_bRialp,
_c1956 (
_fRivadeneyra)
300 _a356 p. ;
_c17 cm.
490 1 _aPatmos : libros de espiritualidad ;
_v60
830 0 0 _aPatmos (Rialp)
_v60
_9181154
852 _aES-MaACL
_jC-11685
_bR.39601
999 _c148763
_d148763